LIBRARY & INFORMATION CENTRE, KCAET, TAVANUR

ONLINE PUBLIC ACCESS CATALOGUE (OPAC)

Enthanu Vyrudhyathmika Bhouthikavatham / (Record no. 11463)

MARC details
000 -LEADER
fixed length control field 00284cam a2200109ua 4500
082 ## - DEWEY DECIMAL CLASSIFICATION NUMBER
Classification number 894.8125
Item number YAK/EN
100 ## - MAIN ENTRY--AUTHOR NAME
Personal name Yakhot, O .
245 ## - TITLE STATEMENT
Title Enthanu Vyrudhyathmika Bhouthikavatham /
260 ## - PUBLICATION, DISTRIBUTION, ETC. (IMPRINT)
Place of publication Eranakulam :
Name of publisher Prabhath Book House ,
Year of publication 1966.
300 ## - PHYSICAL DESCRIPTION
Number of Pages 357 ; .
942 ## - ADDED ENTRY ELEMENTS (KOHA)
Koha item type Books
Holdings
Withdrawn status Lost status Damaged status Home library Current library Date acquired Full call number Accession Number Koha item type
Withdrawn     KAUAET Malayalam University 07/04/2012 894.8125 11238 Books
free website counter